[Event "Chateauroux op 15th"]
[Site "Chateauroux"]
[Date "2014.10.26"]
[Round "2"]
[White "Bleau, Benoit"]
[Black "Augonnet, Herve"]
[Result "0-1"]
[WhiteElo "1278"]
[BlackElo "1682"]
[PlyCount "82"]
[EventDate "2014.10.25"]
[EventType "swiss"]
[EventRounds "7"]
[EventCountry "FRA"]
[SourceTitle "EXT 2015"]
[Source "ChessBase"]
[SourceDate "2014.11.20"]
[SourceVersion "1"]
[SourceVersionDate "2014.11.20"]
[SourceQuality "1"]

1. e4 c5 2. Nf3 d6 3. Nc3 Nc6 4. Bb5 Bd7 5. 0-0 Nf6 6. d4 cxd4 7. Nxd4 g6 8. Be3 Bg7 9. Nd5 Nxe4 10. h3 0-0 11. c3 Nf6 12. Nxf6+ Bxf6 13. Bh6 Re8 14. Re1 Nxd4 15. Bxd7 Qxd7 16. cxd4 Qb5 17. Rb1 Qd5 18. Be3 Qxa2 19. Qc2 Qd5 20. Red1 Rac8 21. Qa4 a6 22. Rbc1 Rc6 23. Rc3 Rec8 24. Rdc1 Rxc3 25. Rxc3 Rxc3 26. bxc3 Qc6 27. Qb3 d5 28. Qb4 Kg7 29. f3 e5 30. Kf2 exd4 31. Bxd4 Bxd4+ 32. Qxd4+ Kg8 33. Qe5 b5 34. Qb8+ Kg7 35. Qe5+ Qf6 36. Qxd5 Qxc3 37. Qb7 b4 38. Qxa6 b3 39. Qb6 b2 40. Kg3 Qe1+ 41. Kg4 Qe6+ 0-1